000 01097nam a22002657a 4500
008 130821s2011 xxuaob gr eng
020 _a9780195392968
040 _aCo-BoUCM
_bspa
041 0 0 _aeng
100 1 _aPérez, Louis A.
_cJr.
_d1943-
_9167284
245 1 0 _aCuba between reform and revolution
_cLouis A. Pérez, Jr
250 _a4th ed.
260 _aNueva York (Estados Unidos)
_bOxford University Press
_c2011
300 _axvi, 461 páginas
_bilustraciones, fotografías, mapas
504 _aIncluye bibliografía e índice general.
650 0 4 _aCiencia política
_9340
650 0 4 _aHistoria de América
_916931
650 0 4 _aNacionalismo
_xHistoria
_zCuba
_d1959-
_920063
650 0 4 _aReforma política
_xHistoria
_zCuba
_d1959-
_923297
651 4 _aCuba
_xHistoria
_yRevolución, 1959
_953343
651 4 _aCuba
_xPolítica y gobierno
_d1959-
_968463
856 4 _zConsulte la tabla de contenido haciendo clic aquí
_uhttp://www.loc.gov/catdir/enhancements/fy1010/2010001607-t.html
942 _cLIBRO
_a21
_e4
_mP944
_2DEWEY
_h972.91064
999 _c68973
_d68973